000 01343nam0a22002771 4500
001 rc\116550
005 20260406123829.0
010 _a5-88044-071-0
_bМалое науч.-произв. предприятие "Гендальф"
_91000
035 _a(NLR Aleph) 005375156
090 _a7041634
_c7041634
100 _a20021216d1995 |||y0rusy50 ca
101 0 _arus
102 _aRU
105 _ay |||||||||
200 1 _aЛицом к лицу
_eРелиг. диалог
_eМеждунар. конф., Москва, Дом ученых Рос. АН, 7-9 сент. 1993 г.
_e[Материалы
_fРед. Р. Файнберг]
210 _aМ.
_cПартия "Демокр. выбор России"
_d1995
215 _a131, [1] с.
_d28
300 _aВ надзаг.: Всемир. евр. конгр., Всемир. рус. собор, Ислам. центр, Междунар. фонд "Культура и будущее России", Междунар. неправительств. орг. "Рос. клуб", ВААД России
300 _aРез. докл.: англ.
702 1 _aФайнберг
_bР.
_4340
712 0 2 _aВсемирный еврейский конгресс
_3RU\NLR\AUTH\8816686
_9306618
801 0 _aRU
_bNLR
_gpsbo
801 1 _aRU
_bELAR
_2rusmarc
852 _aNLR
_j95-8/523
942 _cBOOK
980 _aNB